000 00481cam a2200157u 4500
082 _a355.02
_bJAC
_cL-30 II, P-79
100 1 _aJackson, W. G. F.
_948651
245 1 0 _aAttack in the West;
260 _aLondon,
_bEyre & Spottiswoode,
_c1953.
300 _ap. cm.
526 _a0
_b0
_c0
_d355_020000000000000_JAC
526 _a0
_b0
_c0
_d355_020000000000000_JAC
650 0 _aFirst Coalition, War of the, 1792-1797
_xCampaigns
_zItaly.
_948652
650 0 _aMCE
_9379
942 _2ddc
_cBK
999 _c551515
_d551515